Sochár pomníkov Povstania

Bibliographic Details
Main Author: Vašina, Ctibor (Author)
Format: Article
Language:Slovak
Subjects:

MARC

LEADER 00000nab a2200000 a 4500
001 vtls000300032
003 SK-MaSNL
005 20260303122533.0
008 160215c1987 xo 0 slo
015 |a SNBRB19rr/mm-uuuuu 
035 |a CL0310151 
040 |a SNKBUCL  |b slo  |c SNKBUCL  |e AACR2 
041 0 |a slo 
044 |a xo  |c SK 
080 |a 730.071.1  |2 1981 
080 |a 929 Pollák, Ladislav Ľudovít  |2 1981 
100 1 |a Vašina, Ctibor  |4 aut  |9 272378 
245 1 0 |a Sochár pomníkov Povstania  |c Ctibor Vašina ; Ladislav Ľudovít Pollák 
600 1 7 |a Pollák, Ladislav Ľudovít,  |d 1912-2002  |2 snkbucl  |9 55788 
655 7 |a články z novín a časopisov  |2 snkbucl  |9 267496 
773 0 |t Bojovník  |g Roč. 32, č. 51-52 (1987), s. 5 
850 |a Slovenská národná knižnica v Martine  |a MTA001 
852 |a SNK  |b KIS3GCP 
958 |a BX 
958 |a RK 
992 |a RBX 
999 |c 1921439  |d 1923369